|
|
|
|
| LEADER |
00000nam0a2200000 4500 |
| 001 |
52427 |
| 005 |
20231031041606.0 |
| 035 |
|
|
|a (RuTPU)RU\TPU\book\54935
|
| 090 |
|
|
|a 52427
|
| 100 |
|
|
|a 20030529d1978 km y0rusy50 ca
|
| 101 |
0 |
|
|a rus
|
| 102 |
|
|
|a RU
|
| 105 |
|
|
|a a z 001zy
|
| 200 |
1 |
|
|a Полупроводниковые приборы для мощных высоковольтных преобразовательных устройств
|f Ю. А. Евсеев
|
| 210 |
|
|
|a Москва
|c Энергия
|d 1978
|
| 215 |
|
|
|a 193 с.
|c ил.
|
| 320 |
|
|
|a Библиогр.: с. 184-191.
|
| 610 |
1 |
|
|a преобразовательная техника
|
| 610 |
1 |
|
|a силовые полупроводниковые приборы
|
| 610 |
1 |
|
|a преобразователи
|
| 610 |
1 |
|
|a высоковольтные преобразовательные устройства
|
| 610 |
1 |
|
|a высоковольтные устройства
|
| 610 |
1 |
|
|a конструкции
|
| 610 |
1 |
|
|a параметры
|
| 610 |
1 |
|
|a нестационарные процессы
|
| 610 |
1 |
|
|a анализ
|
| 610 |
1 |
|
|a таблеточные тиристоры
|
| 610 |
1 |
|
|a электрический пробой
|
| 610 |
1 |
|
|a электронно-дырочные переходы
|
| 610 |
1 |
|
|a ограничители напряжения
|
| 610 |
1 |
|
|a преобразователи силовые
|
| 675 |
|
|
|a 621.314.63
|v 3
|
| 700 |
|
1 |
|a Евсеев
|b Ю. А.
|g Юрий Алексеевич
|
| 801 |
|
1 |
|a RU
|b 63413507
|c 20030529
|g PSBO
|
| 801 |
|
2 |
|a RU
|b 63413507
|c 20111020
|g PSBO
|
| 942 |
|
|
|c BK
|